000 00813nam a2200229 i 4500
001 bg
245 0 0 _aStandardy zawodowe rzeczoznawców majątkowych /
_c[Zdzisław Małecki et al.].
250 _aWyd. 8 poszerz.
260 _aWarszawa :
_bPolska Federacja Rzeczoznawców Majątkowych,
_c2004.
300 _aSkoroszyt ;
_c21 cm.
650 9 _aNieruchomości
_xwycena
_xnormalizacja
_zPolska
_yod 1989 r.
650 9 _aRzeczoznawcy majątkowi
_xprawo
_zPolska
_yod 1989 r.
700 1 _aMAŁECKI, Zdzisław
020 _a8390389274
040 _cBPK
041 0 _apol
080 _a347.2:332.74](438)
920 _a83-903892-7-4
942 _cKA
008 s pl f |000 0 pol
999 _c35131
_d35131
856 _uhttp://koha.tu.koszalin.pl/cgi-bin/koha/opac-detail.pl?biblionumber=35131
_yKatalog online BPK